000 00301nam a2200121 a 4500
005 20260322212022.0
008 data
092 _a110
100 1 _aNorman Greenbaum
245 1 0 _aGuardians of the galaxy, Awesome mix. Vol. 1.
_cNorman Greenbaum.
260 _aBurbank, CA
_bHollywood Records
_c2014
001 data
999 _c486
_d486